1890 1249 1114 1102 1076 1632 1121 1930 1882 1469 1508 1835 1414 1400 1170 1968 1858 1686 1000 1023 1387 1947 1534 1813 1432 1523 1803 1024 1882 1032 1578 1111 1216 1407 1585 1293 1086 1481 1116 1035 1576 1489 1917 1596 1939 1850 1628 1951 1758 1060 1789 1315 1594 1495 1089 1259 1089 1044 1262 1804 1268 1717 1614 1740 1025 1715 1154 1689 1826 1459 1715 1581 1467 1810 1266 1931 1266 1430 1315 1251 1971 1154 1996 1874 1027 1737 1051 1546 1944 1248 1970 1744 1826 1116 1344 1481 1334 1439 1479 BCNSPRNW ULIB Ver.6.0+V

เปลี่ยนเป็นภาษาไทย

Change to English
 แสดงรายละเอียดบรรณานุกรม
  กลับหน้าหลัก

Brief Record : Get Marc (ISO 2709) : E-mail record : QR code < ปิดหน้าต่าง
LEADER : 00000nam 2200000uu 4500
001    13399120136
003     ULIB
008    120905s2551||||th 000 0 tha d
020    ^a9789741688272
060 04 ^aWQ300^bด153ค
100 0  ^aดวงกมล ปิ่นเฉลี่ยว
245 10 ^aคู่มือการเรียนรู้ด้วยตนเองเรื่องการคลอดก่อนกำหนด /^cดวงกมล ปิ่นเฉลียว
250    ^aพิมพ์ครั้งที่ 1
260    ^aนนทบุรี :^bโครงการสวัสดิการวิชาการ สถาบันพระบรมราชชนก,^c2551
300    ^a49 หน้า ;^c21 ซม.
650  7 ^aการคลอดก่อนกำหนด
650  7 ^aการเรียนรู้ด้วยตนเอง
710 2  ^aสถาบันพระบรมราชชนก. ^bโครงการสวัสดิการวิชาการ
945    ^p110^l0^i19475
945    ^p110^l0^i19476
945    ^p110^l0^i15673
945    ^p110^l0^i15672
945    ^p110^l0^i15671
995    ^aวิภา
999 ^a ใช้งานได้ทุกระบบ
รายการนี้ยังไม่มีแท็ก
คุณยังไม่ได้ล็อกอิน คุณสามารถมีกิจกรรมร่วมกับเว็บไซต์ได้ แต่ต้องล็อกอินก่อน ::
  ล็อกอิน

รายการสื่อสารสนเทศ

ลำดับที่ ประเภท เลขเรียก/บาร์โค้ด สถานที่ สถานะ
1. วิทยาศาสตร์การแพทย์ และสุขภาพ
วิทยาศาสตร์การแพทย์ และสุขภาพ
WQ300 ด153ค  
  Barcode: 15671
ห้องสมุดวิทยาเขตสวรรค์ประชารักษ์
►ส่วนจัดเก็บหนังสือเก่า สปร
บนชั้น
  ขอยืม
2. วิทยาศาสตร์การแพทย์ และสุขภาพ
วิทยาศาสตร์การแพทย์ และสุขภาพ
WQ300 ด153ค ฉ.3 
  Barcode: 15673
ห้องสมุดวิทยาเขตสวรรค์ประชารักษ์
►ส่วนจัดเก็บหนังสือเก่า สปร
บนชั้น
  ขอยืม

รายการใกล้เคียง
    หัวเรื่อง [การคลอดก่อนกำหนด]
    หัวเรื่อง [การเรียนรู้ด้วยตนเอง]

BibComment


ยังไม่เคยถูกคอมเมนท์

คอมเมนท์ทรัพยากรรายการนี้
  คอมเมนท์: คู่มือการเรียนรู..


 Copyright 2026. Bcnsprnw @Library